00331nam a2200109Ia 4500008004100000082000800041100001500049245004000064942000600104952009600110999001500206240331s9999 xx 000 0 und d bPEL aPelling, H 2aA history of British trade unionism cL 001040708LaWERCLbWERCLcSSCd2024-03-31l0o 331.8 PELp331r2024-03-31w2024-03-31yL c2742d2742